Vista normal Vista MARC

Entrada Personal Name

Número de registros utilizados en: 9

001 - CONTROL NUMBER

  • control field: 2191

003 - CONTROL NUMBER IDENTIFIER

  • control field: OSt

005 - DATE AND TIME OF LATEST TRANSACTION

  • control field: 20200330150934.0

008 - FIXED-LENGTH DATA ELEMENTS

  • fixed length control field: 200330|| aca||aabn | a|a d

040 ## - CATALOGING SOURCE

  • Original cataloging agency: OSt
  • Transcribing agency: OSt

100 ## - HEADING--PERSONAL NAME

  • Personal name: Vidal Perdomo, Jaime,

670 ## - SOURCE DATA FOUND

  • Source citation: Work cat.: (OSt)5115: Vidal Perdomo, Jaime, autor, La región en la organización territorial del estado / , 2001